ՀՀ Գիտությունների ազգային ակադեմիայի հիմնարար գիտական գրադարան  =   Fundamental Scientific Library of NAS RA

Суппозитории : (Record no. 515037)

MARC details
000 -LEADER
fixed length control field 00903nam a22002057a 4500
003 - CONTROL NUMBER IDENTIFIER
control field AM-YEHGA
005 - DATE AND TIME OF LATEST TRANSACTION
control field 20250617163918.0
008 - FIXED-LENGTH DATA ELEMENTS--GENERAL INFORMATION
fixed length control field 210830s ||||| |||| 00| 0 rus d
040 ## - CATALOGING SOURCE
Original cataloging agency AM-YeHGA
041 0# - LANGUAGE CODE
Language code of text/sound track or separate title rus
001 - CONTROL NUMBER
control field 1788010
090 ## - LOCALLY ASSIGNED LC-TYPE CALL NUMBER (OCLC); LOCAL CALL NUMBER (RLIN)
-- 518574
100 1# - MAIN ENTRY--PERSONAL NAME
Personal name Прозоровский, Александр Сергеевич.
245 10 - TITLE STATEMENT
Title Суппозитории :
Remainder of title Пособие для лабораторных занятий /
Statement of responsibility, etc. А.С. Прозоровский; 1-й Моск. ордена Ленина мед. ин-т им. И.М. Сеченова. Заоч. отд-ние Фармацевтич. фак.
260 ## - PUBLICATION, DISTRIBUTION, ETC.
Place of publication, distribution, etc. Москва :
Name of publisher, distributor, etc. [б. и.],
Date of publication, distribution, etc. 1962.
300 ## - PHYSICAL DESCRIPTION
Extent 22 с.
653 0# - INDEX TERM--UNCONTROLLED
Uncontrolled term Суппозитории
653 0# - INDEX TERM--UNCONTROLLED
Uncontrolled term Лекарственные формы - Приготовление - Практические работы учащихся
942 ## - ADDED ENTRY ELEMENTS (KOHA)
Source of classification or shelving scheme Universal Decimal Classification
Koha item type Գրքեր / Books
Holdings
Withdrawn status Lost status Source of classification or shelving scheme Damaged status Not for loan Collection Home library Current library Date acquired Total checkouts Full call number Barcode Date last seen Price effective from Koha item type Public note
    Universal Decimal Classification     General Fundamental Scientific Library Fundamental Scientific Library 30/08/2021   PII/59733 FL0656502 30/08/2021 30/08/2021 Գրքեր / Books 30 Days Loan


ՀՀ ԳԱԱ հիմնարար գիտական գրադարան
ՀՀ,Երևան 0019
Մարշալ Բաղրամյան 24/6
հեռախոս:(374-10) 52-47-50
Հետադարձ կապ

All site content, except where otherwise noted, is licensed under a
Creative Commons License